000 00300nam a22001337a 4500
008 170713b xxu||||| |||| 00| 0 eng d
020 _a9780816023943
041 _aeng
080 _a038
100 _a23
101 _aFJA
245 _aFEED A COLD STARVE A FEVER
_cJENSEN.M.D
942 _2udc
_cBK
999 _c20412
_d20412